Aananda Mangal Maasik:Anka 25-37 (Record no. 346366)

MARC details
000 -LEADER
fixed length control field 003310000a22001450004500
005 - DATE AND TIME OF LATEST TRANSACTION
control field 20120302054712.0
040 ## - CATALOGING SOURCE
Original cataloging agency MAR
245 ## - TITLE STATEMENT
Title Aananda Mangal Maasik:Anka 25-37
260 ## - PUBLICATION, DISTRIBUTION, ETC. (IMPRINT)
Place of publication, distribution, etc Pena:Paranjape Prakashan,1981.
365 ## - TRADE PRICE
Price amount 12/-
650 ## - SUBJECT ADDED ENTRY--TOPICAL TERM
Topical term or geographic name as entry element Sankirna
650 ## - SUBJECT ADDED ENTRY--TOPICAL TERM
Topical term or geographic name as entry element Aananda Mangal Maasik
650 ## - SUBJECT ADDED ENTRY--TOPICAL TERM
Topical term or geographic name as entry element Maasik
942 ## - ADDED ENTRY ELEMENTS (KOHA)
Koha item type Book
Holdings
Withdrawn status Lost status Damaged status Not for loan Home library Current library Date acquired Total Checkouts Barcode Date last seen Price effective from
        Institute For Oriental Study, Thane Institute For Oriental Study, Thane 12/02/2009   IOS-2659 12/02/2009 12/02/2009